00850cam a22002894a 450000100090000000300040000900500170001300800410003001000170007102000150008804000180010304200080012105000250012908200300015410000370018424500870022125000120030826000510032030000350037150400510040652100200045752600160047754100060049356200060049965000370050570000180054213754666OSt20140310182836.0041019s2005 njua b 001 0 eng  a 2004060002 a0130399132 aDLCcDLCdDLC apcc00aQD 151.3b.H842 20070022nd ed.aM 546bH842 20071 aHousecroft, Catherine E.,d1955-10aAn introduction to inorganic chemistry cHousecroft, Catherine E., Sharpe, Alan G. a2nd ed. aPhilippines :bPearson Education Ltd.,cc2007. axxxvi, 949 p. bill. ;c26 cm. aIncludes bibliographical references and index. aCollege Student c1210L-1700L j1 e1 0aChemistry, InorganicvTextbooks.1 aSharpe, A. G.